[Event "TUR-chT2"]
[Site "Konya"]
[Date "2017.07.12"]
[Round "5.24"]
[White "Karakus, Ahmet Utku"]
[Black "Nesanir, Ozgur"]
[Result "0-1"]
[WhiteElo "1153"]
[BlackElo "1630"]
[PlyCount "80"]
[EventDate "2017.07.09"]
[EventType "team-swiss"]
[EventRounds "9"]
[EventCountry "TUR"]
[SourceTitle "CBM 179 Extra"]
[Source "ChessBase"]
[SourceDate "2017.08.23"]
[SourceVersion "1"]
[SourceVersionDate "2017.08.23"]
[SourceQuality "1"]
[WhiteTeam "Genclik Sivas Analiz"]
[BlackTeam "Genclik VE"]
[WhiteTeamCountry "TUR"]
[BlackTeamCountry "TUR"]

1. e4 c5 2. Nf3 e6 3. d4 cxd4 4. Nxd4 a6 5. Nc3 d6 6. Be3 Nf6 7. Bc4 b5 8. Bd3 Bb7 9. a3 Nbd7 10. 0-0 Nc5 11. Bg5 Be7 12. Re1 h6 13. Bh4 Qb6 14. b4 Ncd7 15. Nf3 Rc8 16. Qd2 Qc6 17. Na2 Nb6 18. Bg3 Nfd7 19. Rac1 Bf6 20. e5 dxe5 21. Be4 Nd5 22. Bxd5 Qxd5 23. Qxd5 Bxd5 24. Nxe5 Nxe5 25. Bxe5 Bxe5 26. c4 Bf4 27. cxd5 Bxc1 28. Nxc1 0-0 29. dxe6 fxe6 30. h3 Rc3 31. Ne2 Rxa3 32. Nd4 Re8 33. Rxe6 Rxe6 34. Nxe6 Rb3 35. Nc7 Rxb4 36. Nxa6 Rc4 37. Kf1 Kf7 38. Ke2 Ke7 39. Kd3 Kd8 40. g3 Kc8 0-1

[Event "TUR-chT2"]
[Site "Konya"]
[Date "2017.07.09"]
[Round "1.19"]
[White "Karakus, Ahmet Utku"]
[Black "Kandaz, Berat Efe"]
[Result "0-1"]
[WhiteElo "1153"]
[BlackElo "1264"]
[PlyCount "84"]
[EventDate "2017.07.09"]
[EventType "team-swiss"]
[EventRounds "9"]
[EventCountry "TUR"]
[SourceTitle "CBM 179 Extra"]
[Source "ChessBase"]
[SourceDate "2017.08.23"]
[SourceVersion "1"]
[SourceVersionDate "2017.08.23"]
[SourceQuality "1"]
[WhiteTeam "Genclik Sivas Analiz"]
[BlackTeam "Sakarya Buyuksehir"]
[WhiteTeamCountry "TUR"]
[BlackTeamCountry "TUR"]

1. e4 c5 2. Nf3 e6 3. Bc4 a6 4. d3 Nc6 5. a3 Qc7 6. 0-0 Nf6 7. Re1 d6 8. c3 Be7 9. b4 b5 10. Bb3 0-0 11. Bb2 Bb7 12. Nbd2 Rfd8 13. c4 cxb4 14. axb4 Nxb4 15. Qe2 Nc6 16. cxb5 axb5 17. Rac1 Qd7 18. d4 Nb4 19. Bc3 Na2 20. Bxa2 Rxa2 21. Rb1 Nxe4 22. Qd3 Nxc3 23. Qxc3 Bc6 24. Rb2 Rxb2 25. Qxb2 Ra8 26. Nb1 Bxf3 27. gxf3 Qc6 28. Kg2 h6 29. Nc3 Rb8 30. Qb3 Qc4 31. Qxc4 bxc4 32. f4 d5 33. f5 Rb3 34. Nxd5 exd5 35. Rxe7 Rd3 36. Kf1 Rxd4 37. Ke2 c3 38. Ke3 Rc4 39. Kd3 c2 40. Re1 c1Q 41. Rxc1 Rxc1 42. Kd2 Rh1 0-1